000 00613nam a2200217Ia 4500
003 OSt
005 20220926014822.0
006 a|||||r|||| 00| 0
007 ta
008 220923b |||||||| |||| 00| 0 eng d
037 _cGeneral Book
040 _aRTL
_cRTL
_beng
041 _2eng
_aeng
082 _aX:3M24xM18, M0/SC
100 _aPADOVER Saul K.
_9116907
245 0 _aKarl Marx
_b An intimate biography.
260 _aNew York
_bMentor Books
_c1980
300 _axviii,406p.
_ccm.
942 _hX:3M24xM18, M0/SC
_cGB
_2CC
999 _c629897
_d629897